লোডিং...

Measuring business cycles

গ্রন্থ-পঞ্জীর বিবরন
প্রধান লেখক: Burns, Arthur F.
অন্যান্য লেখক: Mitchell, Wesley C.
বিন্যাস: Printed Book
ভাষা:English
প্রকাশিত: 1964
LEADER 00455nam a22001457a 4500
005 20151215125202.0
008 091109t xxu||||| |||| 00| 0 eng d
082 |a X:74  |b K41 
100 |a Burns, Arthur F.  |9 8101 
245 |a Measuring business cycles  
700 |a Mitchell, Wesley C.  |9 8100 
942 |c BK  |6 _ 
260 |c 1964 
999 |c 98935  |d 98935 
952 |0 0  |1 0  |2 ddc  |4 0  |6 X74_K41  |7 0  |9 124668  |a SMS  |b SMS  |c GEN  |d 2009-11-09  |o X:74 K41  |p SMS002091  |r 2009-11-09  |w 2009-11-09  |y BK